LEADER 00975nam0-2200289---450- 001 990009364140403321 005 20110520101704.0 010 $a92-824-3192-4 035 $a000936414 035 $aFED01000936414 035 $a(Aleph)000936414FED01 035 $a000936414 100 $a20110520d2006----km-y0itay50------ba 101 0 $aita 102 $aLU 105 $a--------001yy 200 1 $aVersioni consolidale del trattato sull'unione europea e del trattato che istituisce la Comuinità europea$fUnione europea 210 $aLussemburgo$cUfficio delle pubblicazioni ufficiali delle Comunità europee$d2006 215 $a331 p.$d25 cm 710 02$aUnione europea$0361259 801 0$aIT$bUNINA$gRICA$2UNIMARC 901 $aBK 912 $a990009364140403321 952 $a62 0610.CE 4$b10668$fDAGEA 959 $aDAGEA 996 $aVersioni consolidale del trattato sull'unione europea e del trattato che istituisce la Comuinità europea$9762677 997 $aUNINA LEADER 01382nam0-2200409---450- 001 990000969730203316 005 20091211130405.0 010 $a88-13-18583-9 035 $a0096973 035 $aUSA010096973 035 $a(ALEPH)000096973USA01 035 $a0096973 100 $a20020219d1995----km-y0ITAy01------ba 101 $aita 102 $aIT 105 $a||||||||001yy 200 1 $aCodice penale pel Granducato di Toscana 1853$fpresentazione di Mario Da Passano ... 205 $aRist. anast 210 $aPadova$cCEDAM$d1995 215 $a1 v. (paginazione varia)$d25 cm 225 $aCasi, fonti e studi per il diritto penale$hSer. 2$iLe fonti$v5 410 1$12001$aCasi, fonti e studi per il diritto penale$hSer. 2$iLe fonti$v5 606 $aCodice penale$yToscana < 676 $a345.455002632 702 1$aDA PASSANO,$bMario 710 02$aToscana $0262230 801 0$aIT$bsalbc$gISBD 912 $a990000969730203316 951 $aXXVI.1. Coll. 4/ 5 (COLL HOR 5)$b8114 G$cXXVI.1. Coll. 4/ 5 (COLL HOR)$d00249415 959 $aBK 969 $aGIU 979 $aPATTY$b90$c20020219$lUSA01$h1445 979 $c20020403$lUSA01$h1739 979 $aPATRY$b90$c20040406$lUSA01$h1707 979 $aRSIAV5$b90$c20091211$lUSA01$h1304 996 $aCodice penale pel Granducato di Toscana (1853$9679393 997 $aUNISA